000 00276nam a22001097a 4500
008 230619b xxu||||| |||| 00| 0 eng d
082 _23
_a291
_bFRA
245 _aThe Golden Bough
_bAftermath
260 _aLondon
_bMacmillan & Co Ltd
_c1955
300 _aXX,494p
942 _2ddc
_cBK
999 _c1185
_d1185